1393 1658 1813 1756 1041 1260 1771 1489 1639 1798 1354 1361 1591 1944 1933 1751 1010 1352 1716 1868 1039 1579 1061 1634 1767 1364 1290 1233 1992 1209 1197 1249 1369 1031 1710 1842 1026 1560 1489 1788 1626 1376 1877 1798 1787 1792 1969 1192 1643 1422 1122 1102 1685 1237 1857 1428 1176 1400 1414 1922 1205 1185 1754 1511 1601 1749 1197 1872 1513 1055 1133 1853 1288 1363 1451 1904 1999 1830 1465 1147 1274 1789 1747 1353 1768 1630 1893 1211 1736 1884 1860 1843 1876 1610 1013 1406 1653 1760 1855 BCNSPRNW ULIB Ver.6.0+V

เปลี่ยนเป็นภาษาไทย

Change to English
 แสดงรายละเอียดบรรณานุกรม
  กลับหน้าหลัก

Brief Record : Get Marc (ISO 2709) : E-mail record : QR code < ปิดหน้าต่าง
LEADER : 00000nam 2200000uu 4500
001    13399127193
003     ULIB
008    191021s2561||||th 000 0 tha d
020 ^- ^a9786167735955
050 ^- ^aนว.^bพ1215ก
100 0^ aพงศกร จินดาวัฒนะ
245 10 ^aเกลียวกระซิบ /พงศกร [นามแฝง]
260 ^- ^aกรุงเทพฯ :^bกรู๊ฟ พับลิชชิ่ง,^c2561.
300 ^- ^a450 หน้า
945    ^p360^l0^i27885
945    ^p360^l0^i28877
999    ^aกัณชพร จุลอักษร
รายการนี้ยังไม่มีแท็ก
คุณยังไม่ได้ล็อกอิน คุณสามารถมีกิจกรรมร่วมกับเว็บไซต์ได้ แต่ต้องล็อกอินก่อน ::
  ล็อกอิน

รายการสื่อสารสนเทศ

ลำดับที่ ประเภท เลขเรียก/บาร์โค้ด สถานที่ สถานะ
1. วิทยาศาสตร์การแพทย์ และสุขภาพ
วิทยาศาสตร์การแพทย์ และสุขภาพ
นว. พ1215ก ฉ.1 
  Barcode: 27885
ห้องสมุดวิทยาเขตนครสวรรค์
►นวนิยาย:l:Fiction
ถูกยืม กำหนดส่งวันที่ 26 มิถุนายน 2568
  จอง
2. วิทยาศาสตร์การแพทย์ และสุขภาพ
วิทยาศาสตร์การแพทย์ และสุขภาพ
นว. พ1215ก ฉ.2 
  Barcode: 28877
ห้องสมุดวิทยาเขตนครสวรรค์
►นวนิยาย:l:Fiction
บนชั้น

รายการใกล้เคียง
    ชื่อเรื่อง [เกลียวกระซิบ /พงศกร [นามแฝง]]

    ผู้แต่ง [aพงศกร จินดาวัฒนะ]

BibComment


ยังไม่เคยถูกคอมเมนท์

คอมเมนท์ทรัพยากรรายการนี้
  คอมเมนท์: เกลียวกระซิบ พงศ..


 Copyright 2026. Bcnsprnw @Library